Příběh medicíny : od prvních felčarů po zázraky moderního lékařství /

Main Author: Rooney, Anne, 1959-
Other Authors: Balatková, Dana, 1982-
Language: Czech
Published: Praha : Dobrovský s.r.o., 2017
Series: Knihy Omega
Subjects:
Physical Description: 223 stran : ilustrace (některé barevné), portréty, faksimile ; 24 cm
Book
Saved in:
LEADER 01780cam a2200481 i 4500
001 nkc20172938989
003 CZ PrNK
005 20171130082940.0
007 ta
008 170921s2017 xr ach e f 001 0 cze d
015 |a cnb002938989 
020 |a 978-80-7390-580-4  |q (vázáno) 
035 |a (OCoLC)1015193410 
040 |a KLG001  |b cze  |d OLA001  |d ABA001  |e rda 
041 1 |a cze  |h eng 
072 7 |a 61  |x Lékařské vědy. Lékařství  |2 Konspekt  |9 14 
080 |a 61(091)  |2 MRF 
080 |a (0.062)  |2 MRF 
100 1 |a Rooney, Anne,  |d 1959-  |7 xx0122810  |4 aut 
240 1 0 |a Story of medicine.  |l Česky 
245 1 0 |a Příběh medicíny :  |b od prvních felčarů po zázraky moderního lékařství /  |c Anne Rooney ; přeložila Dana Balatková 
264 1 |a Praha :  |b Dobrovský s.r.o.,  |c 2017 
300 |a 223 stran :  |b ilustrace (některé barevné), portréty, faksimile ;  |c 24 cm 
336 |a text  |b txt  |2 rdacontent 
336 |a statický obraz  |b sti  |2 rdacontent 
337 |a bez média  |b n  |2 rdamedia 
338 |a svazek  |b nc  |2 rdacarrier 
490 1 |a Knihy Omega 
500 |a Přeloženo z angličtiny 
500 |a Obsahuje rejstřík 
650 0 7 |a dějiny lékařství  |7 ph484341  |2 czenas 
650 0 9 |a history of medicine  |2 eczenas 
655 7 |a populárně-naučné publikace  |7 fd131864  |2 czenas 
655 9 |a popular works  |2 eczenas 
700 1 |a Balatková, Dana,  |d 1982-  |7 xx0108160  |4 trl 
830 0 |a Knihy Omega  |0 s 
910 2 |a BOA001  |b 2-1397.312 
920 |a 1148545  |z KLG001 
990 |a BK 
995 |a 01 
991 |b 201711  |c NOV 
996 6 |b 2610724218  |c 2-1397.312  |l MZK  |r Sklad / do 1 hodiny  |n 2  |p p.v.  |w 001637001  |u 000010  |a 1  |e BOA001  |j MZK50  |s P 
996 7 |b 2610726864  |c 2-1397.312  |l MZK  |r Sklad / do 1 hodiny  |n 9  |p kup  |w 001637001  |u 000020  |a 1  |e BOA001  |j MZK50  |s A